Banach Center Publications

Saved in:
Bibliographic Details
Other Authors: Tikhonov, A.N (Editor), Kunhert, F. (Dissertant), Kuznecov, N.N (Editor), Moszyński, K. (Editor), Wakulicz, A. (Editor)
Format: Serial
Language:English
Published: 1978
Tags: Add Tag
No Tags, Be the first to tag this record!

MARC

LEADER 00000nas a22000003a 4500
001 stu264578
005 20150617230214.9
008 130319s1978------------------------eng-d
040 |a STU  |b slo 
041 0 |a eng 
100 1 |a Tikhonov, A.N.  |4 edt 
245 1 |a Banach Center Publications 
260 |c 1978 
700 1 |a Kunhert, F.  |4 dis 
700 1 |a Kuznecov, N.N.  |4 edt 
700 1 |a Moszyński, K.  |4 edt 
700 1 |a Wakulicz, A.  |4 edt 
773 0 |t Banach Center Publications  |w stu_us_cat*stu264575  |7 nnas 
996 |c I*8M2362  |d Vol. 3 Mathematical Models and Numerical Methods, 1978  |v Vol. 3 Mathematical Models and Numerical Methods  |y 1978  |l I  |s A  |a 24  |w stu264578_0001